Statistiques concernant Effectif lyonnais - Saison 2016-2017

Cliquez ici pour prendre le quiz!

Statistiques générales

  • Ce quiz a été pris 58 fois
  • Le résultat moyen est 18 sur 30

Statistiques - réponses

Poste Joueur % Correct
1GARDIENAnthony Lopes
98%
10ATTAQUANTAlexandre Lacazette
96%
18ATTAQUANTNabil Fekir
95%
0ENTRAINEURBruno Genesio
91%
21MILIEUMaxime Gonalons
87%
27ATTAQUANTMaxwell Cornet
84%
8MILIEUCorentin Tolisso
84%
20DEFENSEURDa Silva Rafael
84%
13DEFENSEURChristophe Jallet
80%
28MILIEUMathieu Valbuena
73%
30GARDIENMathieu Gorgelin
71%
15DEFENSEURJeremy Morel
69%
3DEFENSEURNicolas Nkoulou
67%
9ATTAQUANTMemphis Depay
67%
2DEFENSEURMapou Yanga-Mbiwa
64%
11ATTAQUANTRachid Ghezzal
60%
14MILIEUSergi Darder
60%
12MILIEUJordan Ferri
60%
29MILIEULucas Tousart
56%
5DEFENSEURMouctar Diakhaby
56%
31DEFENSEURMaciej Rybus
53%
4DEFENSEUREmanuel Mammana
49%
7MILIEUClement Grenier
49%
25MILIEUHoussem Aouar
38%
19ATTAQUANTJean-Philippe Mateta
27%
16GARDIENLucas Mocio
25%
33ATTAQUANTMyziane Maolida
20%
23DEFENSEURJordy Gaspar
15%
22ATTAQUANTGaetan Perrin
11%
34ATTAQUANTAlan Dzabana
7%

Distribution des résultats

Percentile by Number Answered

% des personnes avec chaque résultat

Votre développement - résultats

Vous n’avez pas pris ce quiz